Statistiques concernant Culture Générale - Série 2329

Cliquez ici pour prendre le quiz!

Statistiques générales

  • Ce quiz a été pris 66 fois
  • Le résultat moyen est 3 sur 10

Statistiques - réponses

QuestionRéponse% Correct
Une personne avare qui économise sur tout est appelée "grippe- ...sou
95%
A quel pays d'Asie appartient lîle Célèbes appelée également Sulawesi ?Indonésie
63%
De quel pays est originaire le dériveur monotype de compétition appelé "finn" ? voir photoSuède
34%
Quel verbe anagrammé "origan" signifie accabler d'injures ?agonir
32%
Quel mot anagramme de "calibre" est employé pour plaisanter et désigne la famille, le foyer, le pays natal ?bercail
29%
Sous quel nom connait-on mieux le fenouil bâtard ou faux anis?aneth
27%
Quel mot de 9 lettres commençant par "b" est synonyme de ciel,dais,ciborium ?baldaquin
18%
Quel était le prénom de l'homme politique français (1900-1964) qui fut secrétaire général de 1930 à 1964 du Parti Communiste Français ?Maurice
16%
Marteau de couvreur dont une extrémité est plate, l'autre tranchante, dont l'anagramme est "tetasse"assette
15%
Dépôt littoral formé de fin gravier et de débris d'algues dont l'anagramme est "larme"maerl
10%

Distribution des résultats

Percentile par nombre de réponses

% des personnes avec chaque résultat

Votre développement - résultats

Vous n’avez pas pris ce quiz